International Comparison of Slovak Republic in Research and Development

Medzinárodné porovnanie SR a EÚ vo vybraných ukazovateľoch vývoja a výskumu. Vývoj vybraných ukazovateľov výstupov vývoja a výskumu v období rokov 2007 - 2016 pre SR a EÚ.

Salvato in:
Dettagli Bibliografici
Autore principale: Šefčíková, Denisa
Natura: Capitolo di libro
Lingua:inglese
Soggetti:
Tags: Aggiungi Tag
Nessun Tag, puoi essere il primo ad aggiungerne!!

MARC

LEADER 00000naa$a2200000$$$4500
001 0261302
005 20240502074141.7
041 0 |a eng 
044 |a SK 
245 1 0 |a International Comparison of Slovak Republic in Research and Development  |c Denisa Šefčíková 
520 |a Medzinárodné porovnanie SR a EÚ vo vybraných ukazovateľoch vývoja a výskumu. Vývoj vybraných ukazovateľov výstupov vývoja a výskumu v období rokov 2007 - 2016 pre SR a EÚ. 
610 2 0 |a porovnanie štatistické medzinárodné 
610 2 0 |a výskum 
610 2 0 |a vývoj 
610 2 0 |a inovácia 
100 1 |a Šefčíková, Denisa